00407nam a2200145Ia 450000500170000000800410001702000150005808200130007310000200008624500600010626000420016630000180020865000220022665000130024820240925071724.0240331s9999 xx 000 0 und d a9558231002 bPILa782 aPilendran, G.V. 0aTamil catholic literary tradition of Sri Lanka :bVol.1 aJaffnabCatholic Students unionc1998 axix, 185 p ., aHistoric-critical aliterary